000 002940000a22001330004500
003 MACL
040 _aMACL
090 _c37723
_d37721
100 _aCox, Sir Edmund C
245 _aMy Thirty Years in India
260 _bMills & Boon Limited
_c1909
650 _aHistory
942 _cBOOK
_k954/COX
999 _c37320
_d37320